Osobitosti ponuky na trhu severoatlantickej leteckej dopravy s aplikáciou na Slovenskú republiku

Analýza neštandardných prvkov strany ponuky, ktoré odlišujú leteckú dopravu od ostatných hospodárskych odvetví. Severoatlantické letecké trhy ako historicky najvýznamnejší trh, ako z hľadiska počtu pasažierov, tak aj z technologického pokroku. Miesto Slovenskej republiky na severoatlantickej letecke...

Descrizione completa

Salvato in:
Dettagli Bibliografici
Autore principale: Grančay, Martin, 1984-2024
Natura: Capitolo di libro
Lingua:slovacco
Soggetti:
Tags: Aggiungi Tag
Nessun Tag, puoi essere il primo ad aggiungerne!!

MARC

LEADER 00000naa a2200000 4500
001 0159513
005 20240502072750.6
041 0 |a slo 
044 |a SK 
245 1 0 |a Osobitosti ponuky na trhu severoatlantickej leteckej dopravy s aplikáciou na Slovenskú republiku  |c Martin Grančay 
520 |a Analýza neštandardných prvkov strany ponuky, ktoré odlišujú leteckú dopravu od ostatných hospodárskych odvetví. Severoatlantické letecké trhy ako historicky najvýznamnejší trh, ako z hľadiska počtu pasažierov, tak aj z technologického pokroku. Miesto Slovenskej republiky na severoatlantickej leteckej mape. 
610 2 0 |a doprava letecká medzinárodná 
610 2 0 |a ponuka 
610 2 0 |a Slovensko 
610 2 0 |a zákazníci 
610 2 0 |a trh 
100 1 |a Grančay, Martin, 1984-2024